000 01263cam a22003497a 4500
003 CHAP
005 20220329142310.0
008 000524d1999 mx r 00110 spa d
010 _a81253
011 _a82225
035 _a92713
040 _cCHAP
090 _aTesis
100 0 0 _aEspitia Cabrera, Enrique.
_938100
245 1 0 _aRentabilidad y competitividad de siete granjas porcícolas en el municipio de Abasolo, Guanajuato
_c/por Enrique Espitia Cabrera
260 _aChapingo, Méx. :
_bEl autor,
_c1999.
300 _a71 h. :
_banexos
502 _aTesis (Lic. en Economía Agrícola ) -- UACH. División de Ciencias Económico Administrativas
590 _aALEPH
_b10
_c20130110
_lUCH01
_h1435
590 _aBATCH-UPD
_b10
_c20130110
_lUCH01
_h0608
590 _aBATCH-UPD
_b10
_c20130410
_lUCH01
_h0250
590 _aBATCH-UPD
_b10
_c20130914
_lUCH01
_h1321
590 _aCONVERSION
_b10
_c20130109
_lUCH01
_h1345
650 1 4 _aGanado porcino
_xCostos de producción.
_945348
650 1 4 _aGanado porcino
_xProducción.
_945399
650 1 4 _aGranjas porcinas.
_950413
901 _aBK
905 _aLilia Sánchez G.
942 _cFOLL
949 _bBC
_cTES
_d33724000778908
_eTS2
_fc.2
_h36388
_i92713
_sb
949 _bBC
_cTES
_d927131
_eTS1
_h36387
_i92713
_sb
999 _c81253
_d81253